000 00792nas a2200277 4500
001 BR0805628
003 BR-BrBNA
005 20231205111958.0
007 ta
008 230509b bl.|||p| |||| 00| 00por d
040 _aBR-BrBNA
_bpor
_cBiblioteca Nacional de Agricultura
041 _a(Pt)
072 _aL60; P01
100 1 _aEfe, M.A.
100 1 _aAzevedo, M.A.G.
100 1 _aFilippini, A.
245 1 _aAvifauna da estação ecológica de Carijós, Florianópolis-SC
650 _aFAUNA
650 _aCONSERVAÇÃO
650 _aESPÉCIE EM EXTINÇÃO
650 _aRESTINGA
650 _aFLORIANÓPOLIS
773 0 _tOrnithologia (Brazil)
_xISSN 1808-7221
_g(Jul 2007), v. 2(1) p. 1-13
_wBR0805628
909 _a202311
_bLúcia
_c55
_dLúcia Elande
942 _2AGRIS
_n0
_cANA
999 _c195441
_d195441